Équipe de Côte d'Ivoire de Football - Tous les joueurs (2000-....) - Statistiques

Statistiques générales
  • Ce quiz a été pris 340 fois
    27 depuis la dernière actualisation
  • Le résultat moyen est 62 sur 233
Statistiques - réponses
Première sélection Dernière sélection Joueur Nb de sélections % Correct
2002 2014 Didier Drogba 105
100%
2000 2015 Kolo Touré 120
100%
2004 2015 Yaya Touré 101
100%
2025 Bazoumana Touré 4
91%
2003 2003 Georges Ba 3
86%
2007 2021 Gervinho 88
82%
2018 Seko Fofana 30
82%
2016 2016 Thomas Touré 1
82%
2014 Franck Kessié 101
77%
2023 Yahia Fofana 33
77%
2021 Amad Diallo 16
73%
2016 Nicolas Pépé 52
73%
2009 Badra Ali Sangaré 31
68%
2019 David Datro Fofana 3
68%
2024 Guela Doué 17
68%
2015 Ibrahim Sangaré 56
68%
2013 Serge Aurier 91
68%
2011 2024 Max-Alain Gradel 110
64%
2020 Sébastien Haller 35
64%
1998 2006 Bonaventure Kalou 51
59%
2023 Ousmane Diomande 12
59%
2007 2017 Salomon Kalou 97
59%
2013 2022 Serey Dié 61
59%
2023 Simon Adingra 26
59%
2025 Yan Diomande 9
59%
2000 2014 Didier Zokora 123
55%
1999 2003 Hamed Modibo Diallo 9
55%
2016 2018 Hervé Diomandé 4
55%
2024 Ismaël Diallo 1
55%
2014 2019 Ismaël Diomandé 19
55%
2015 Jean Michaël Seri 64
55%
2001 2001 Lassina Diomandé 1
55%
2003 2003 Mamadou Diallo 1
55%
2018 2018 Mamadou Diomandé 2
55%
2024 Mohamed Diomande 8
55%
1995 2004 Serge Dié 23
55%
2020 Sinaly Diomandé 10
55%
2000 2002 Zéphirin Zoko 8
55%
2000 2012 Abdul Kader Keïta 72
50%
2023 Bénie Traoré 5
50%
2023 Evan Ndicka 27
50%
2023 Idrissa Doumbia 4
50%
2023 Jonathan Bamba 10
50%
2024 Kader Keïta 1
50%
2021 Karim Konaté 19
50%
2012 2015 Lacina Traoré 13
50%
2014 2014 Mamadou Doumbia 1
50%
2020 Odilon Kossounou 34
50%
2008 2017 Seydou Doumbia 37
50%
2019 Souleyman Doumbia 8
50%
2008 2014 Souleymane Bamba 46
50%
2021 Wilfried Singo 31
50%
2015 2019 Adama Traoré 13
45%
2004 2013 Arouna Koné 39
45%
2003 2010 Bakari Koné 42
45%
2006 2017 Didier Ya Konan 27
45%
2008 2010 Emmanuel Koné 11
45%
2024 Evann Guessand 19
45%
2017 Ghislain Konan 51
45%
2021 Hamed Traorè 13
45%
1992 2002 Ibrahima Koné 23
45%
2019 2019 Ibrahim Traoré 1
45%
2012 2020 Ismaël Traoré 19
45%
2001 2008 Kandia Traoré 25
45%
2014 2016 Lamine Koné 9
45%
1990 2002 Losseni Konaté 44
45%
2011 2011 Moussa Koné 1
45%
2023 Oumar Diakité 28
45%
2017 2018 Raoul Konan 2
45%
2025 Richard Kone 1
45%
2008 2008 Tiassé Koné 1
45%
2010 2019 Wilfried Bony 56
45%
2017 Wilfried Zaha 36
45%
2016 2016 Yao Konan 4
45%
2025 Alban Lafont 3
41%
1990 2000 Donald-Olivier Sié 42
41%
2015 Eric Bailly 50
41%
2017 Jean-Philippe Gbamin 23
41%
2004 2015 Arthur Boka 82
36%
2000 2015 Boubacar Barry 82
36%
2005 2012 Emerse Faé 41
36%
2013 2022 Fousseny Coulibaly 4
36%
2022 Jean-Philippe Krasso 27
36%
2008 2012 Kafoumba Coulibaly 12
36%
2000 2003 Mamadou Coulibaly 6
36%
2016 2016 Soualiho Coulibaly 4
36%
2018 2019 Wonlo Coulibaly 13
36%
2016 2016 Aboubacar Diakité 1
32%
2017 2017 Banfa Sylla 4
32%
2009 2015 Cheick Tioté 55
32%
2024 Christopher Opéri 11
32%
2025 Clément Akpa 4
32%
2022 Emmanuel Agbadou 17
32%
2021 Hassane Kamara 11
32%
2013 2014 Mathis Bolly 5
32%
2017 Maxwel Cornet 31
32%
2018 Vakoun Bayo 12
32%
2020 Willy Boly 22
32%
2003 2011 Abdoulaye Méïté 48
27%
2000 2012 Aruna Dindane 64
27%
2025 Christ Inao Oulaï 6
27%
2004 2013 Emmanuel Eboué 79
27%
2017 Jérémie Boga 24
27%
2018 Yakou Méïté 3
27%
2014 Abdoul Karim Cissé 7
23%
2019 2019 Brahima Bakayoko 1
23%
2019 Christian Kouamé 31
23%
2013 2018 Giovanni Sio 25
23%
1996 2002 Ibrahima Bakayoko 40
23%
2017 2017 Ibrahim Ouattara 1
23%
2020 Kalpi Ouattara 2
23%
2014 2014 Ousmane Ouattara 1
23%
2008 2009 Sekou Cissé 10
23%
2000 2015 Siaka Tiéné 96
23%
1993 2002 Aliou Siby Badra 37
18%
2016 2016 Bi N'Guessan 5
18%
2019 Eliezer Tapé 2
18%
2008 2013 Jean-Jacques Gosso 22
18%
2019 2019 Jean-Noël N'Guessan 1
18%
2015 Serge N'Guessan 14
18%
2001 2006 Seydou Kanté 6
18%
2015 Simon Deli 26
18%
2015 Wilfried Kanon 54
18%
1997 2006 Blaise Kouassi 37
14%
2013 2014 Brice Dja Djédjé 7
14%
1995 2006 Cyril Domoraud 51
14%
2018 2018 Diallo Kouassi 2
14%
2003 2003 Gilles Domoraud 4
14%
2004 2012 Guy Demel 31
14%
2021 Jean Evrard Kouassi 13
14%
2016 2021 Jonathan Kodjia 27
14%
2014 2015 Junior Tallo 8
14%
2015 Mamadou Bagayoko 16
14%
2005 2005 Raoul Kouakou 1
14%
2017 2017 Roland Zan Bi 5
14%
2005 2013 Romaric 44
14%
2013 2021 Sylvain Gbohouo 65
14%
2017 2017 Willy Ta Bi 1
14%
2011 2011 Xavier Kouassi 1
14%
2006 2007 Amara Diané 8
9%
2025 Armel Zohouri 5
9%
2006 2010 Boubacar Sanogo 21
9%
2015 2018 Cheick Doukouré 20
9%
2014 2014 Christian Koffi 6
9%
2002 2005 Eli Kroupi 2
9%
2024 Emmanuel Latte Lath 4
9%
2017 Essis Aka 19
9%
2021 Franck Boli 2
9%
2000 2010 Gilles Yapi Yapo 46
9%
2019 Habib Maïga 13
9%
2014 2021 Jean-Daniel Akpa Akpro 17
9%
2018 Jean-Eudes Aholou 7
9%
1995 2007 Jean-Jacques Tizié 26
9%
2022 Jean Thierry Lazare 7
9%
2025 Luck Zogbé 4
9%
2016 2016 Marcelin Koffi 5
9%
2013 2017 Marc Goua 10
9%
2024 Mario Dorgeles 4
9%
2018 2018 Mohamed Sanogo 3
9%
2025 Parfait Guiagon 4
9%
2022 Paul Akouokou 4
9%
2014 2020 Sayouba Mandé 5
9%
2017 2017 Sekou Sanogo 3
9%
2019 2019 Stéphane Bedi 1
9%
2017 Yohan Boli 8
9%
2012 2013 Abdul Razak 5
5%
1987 2000 Alain Gouaméné 58
5%
2008 2014 Benjamin Angoua 15
5%
2025 Cédric Kipré 1
5%
2007 2016 Constant Djakpa 8
5%
2003 2013 Daniel Yeboah 13
5%
2008 2013 Igor Lolo 19
5%
2016 2016 Inza Diabaté 8
5%
2021 2021 Ismaila Soro 1
5%
2020 Jumaa Saeed 2
5%
2025 Junior Diaz 1
5%
2003 2010 Kanga Akalé 35
5%
2016 2016 Koffi Djidji 1
5%
1991 2000 Lassina Dao 24
5%
1997 2003 Lassina Diabaté 32
5%
2003 2010 Marc-André Zoro 22
5%
2025 Mory Gbane 2
5%
2006 2010 Stephan Loboué 4
5%
2015 Victorien Angban 10
5%
2008 2008 Vincent Angban 2
5%
2014 2019 Willie Britto 11
5%
2000 2005 Abdoulaye Djire 44
0%
2010 2010 Abraham Guié Guié 1
0%
2016 2016 Adama Kangouté 1
0%
2017 2017 Akassou Koutouan 5
0%
2017 2017 Aké Loba 1
0%
2008 2010 Aristide Zogbo 3
0%
2017 2017 Bi Ya Gonazo 2
0%
2018 2018 Brou N'Goh 3
0%
1994 2000 Charles Dago 6
0%
2022 Charles Folly Ayayi 8
0%
2015 Cheick Comara 9
0%
2013 2015 Cheick Moukoro 3
0%
2008 2008 Christian Manfredini 1
0%
2017 2017 Comara Ibrahim 1
0%
2003 2004 Dagui Bakari 7
0%
1997 2001 Didier Angan 14
0%
2017 2017 Eric Dizan 1
0%
2017 2017 Fonsinho 5
0%
2017 2017 Francis Nda 1
0%
2016 2016 Gbagnon Badié 5
0%
2003 2012 Gérard Gnanhouan 10
0%
1997 2003 Ghislain Akassou 29
0%
2017 2017 Gogbeu Dosso 2
0%
2013 2017 Gohi Bi Cyriac 9
0%
2017 2017 Jacob Dépodé 2
0%
2016 2017 Jean Poé 2
0%
2020 2021 Lago Junior 5
0%
2003 2004 Lezou Doba 2
0%
1999 2004 Olivier Tébily 18
0%
2013 2016 Ousmane Viera 19
0%
2019 Pacôme Agboke 2
0%
2018 Pacôme Zouzoua 6
0%
1995 2001 Patrice Zéré 46
0%
2015 Roger Assalé 21
0%
2014 2014 Salif Bagaté 2
0%
1992 2000 Sam Abouo 21
0%
2015 2019 Sherif Jimoh 7
0%
2016 2018 Simon Kangoh 3
0%
2017 2017 Sosthène Brou 1
0%
2012 2012 Stéphane Okou 1
0%
2006 2011 Steve Gohouri 13
0%
1993 2006 Tchiressoua Guel 72
0%
2008 2008 Thierry Doubaï 1
0%
2017 2017 Thierry Kassy 1
0%
2018 William Togui 5
0%
2010 2012 Yannick Sagbo 2
0%
2017 2017 Zadi Hortalin 4
0%
Aucun quiz correspondant
Distribution des résultats
% des personnes avec chaque résultat
Percentile par nombre de réponses
Votre historique - résultats
Vous n’avez pas pris ce quiz depuis la dernière actualisation